Country Latitudes - Statistics

General Stats
  • This quiz has been taken 31 times
    30 since last reset
  • The average score is 124 of 196
Answer Stats
N of Parallels COUNTRY PARALLELS % Correct
45 Australia 10S - 54S
100%
18 Colombia 13N - 4S
100%
39 Chile 18S - 56S
100%
18 Peru 1S - 18S
100%
34 Argentina 22S - 55S
100%
24 South Africa 23S - 46S
100%
19 Burma 28N - 10N
100%
18 Mexico 32N - 15N
100%
29 India 35N - 7N
100%
19 Algeria 37N - 19N
100%
25 Japan 45N - 21N
100%
42 Netherlands 53N - 12N
100%
50 China 53N - 4N
100%
19 Democratic Republic of the Congo 5N - 13S
100%
39 Brazil 5N - 33S
100%
86 United States 71N - 14S
100%
23 Norway 80N - 58N
100%
40 Russia 81N - 42N
100%
42 Canada 83N - 42N
100%
17 Philippines 21N - 5N
95%
16 Chad 23N - 8N
95%
23 New Zealand 30S - 52S
95%
17 Indonesia 5N - 11S
95%
13 Bolivia 10S - 22S
86%
13 Somalia 11N - 1S
86%
16 Mozambique 11S - 26S
86%
12 Cameroon 13N - 2N
86%
13 Madagascar 13S - 25S
86%
11 Ethiopia 14N - 4N
86%
15 Venezuela 15N - 1N
86%
12 Namibia 17S - 28S
86%
15 Thailand 20N - 6N
86%
12 Niger 23N - 12N
86%
15 Vietnam 23N - 9N
86%
15 Mali 25N - 11N
86%
16 Taiwan 26N - 11N
86%
12 Mauritania 26N - 15N
86%
14 Kiribati 2N - 11S
86%
16 Saudi Arabia 32N - 17N
86%
14 Libya 33N - 20N
86%
15 Morocco 35N - 21N
86%
14 Pakistan 37N - 24N
86%
14 Iran 39N - 26N
86%
16 Spain 43N - 28N
86%
12 Italy 47N - 36N
86%
11 Mongolia 52N - 42N
86%
15 Kazakhstan 55N - 41N
86%
14 Angola 5S - 18S
86%
14 Sweden 69N - 56N
86%
11 Finland 70N - 60N
86%
11 Tanzania 1S - 11S
81%
11 Sudan 22N - 12N
81%
10 France 51N - 42N
81%
10 Kenya 5N - 4S
81%
11 United Kingdom 60N - 50N
81%
10 Marshall Islands 14N - 5N
76%
10 Egypt 31N - 22N
76%
6 Côte d'Ivoire 10N - 5N
67%
8 Malawi 10S - 17S
67%
9 Central African Republic 11N - 3N
67%
7 Ghana 11N - 5N
67%
10 Mauritius 11S - 20S
67%
9 South Sudan 12N - 4N
67%
6 Benin 12N - 7N
67%
5 Guinea 12N - 8N
67%
9 Nigeria 13N - 5N
67%
6 Burkina Faso 15N - 10N
67%
5 Nicaragua 15N - 11N
67%
5 Honduras 17N - 13N
67%
7 Ecuador 1N - 5S
67%
9 Laos 22N - 14N
67%
6 Bangladesh 26N - 21N
67%
6 Gabon 2N - 3S
67%
8 Iraq 37N - 30N
67%
5 Equatorial Guinea 3N - 1S
67%
9 Republic of the Congo 3N - 5S
67%
7 Seychelles 4S - 10S
67%
8 Ukraine 52N - 45N
67%
8 Germany 55N - 48N
67%
5 Belarus 56N - 52N
67%
5 Suriname 6N - 2N
67%
8 Maldives 7N - 0
67%
7 Malaysia 7N - 1N
67%
7 Guyana 8N - 2N
67%
10 Zambia 9S - 18S
67%
9 Federated States of Micronesia 10N - 2N
62%
5 Togo 11N - 7N
62%
9 Fiji 13S - 21S
62%
4 Cambodia 14N - 11N
62%
5 Eritrea 17N - 13N
62%
4 Guatemala 17N - 14N
62%
9 Botswana 18S - 26S
62%
7 Yemen 19N - 13N
62%
8 Paraguay 20S - 27S
62%
10 Oman 26N - 17N
62%
10 Papua New Guinea 2S - 11S
62%
7 Tunisia 37N - 31N
62%
9 Afghanistan 38N - 30N
62%
5 South Korea 38N - 34N
62%
7 Greece 41N - 35N
62%
10 Portugal 42N - 33N
62%
7 Turkey 42N - 36N
62%
7 Turkmenistan 42N - 36N
62%
6 North Korea 43N - 38N
62%
8 Uzbekistan 45N - 38N
62%
3 Bosnia and Herzegovina 45N - 43N
62%
5 Romania 48N - 44N
62%
6 Uganda 4N - 1S
62%
5 Poland 54N - 50N
62%
4 Ireland 55N - 52N
62%
4 Iceland 67N - 64N
62%
8 Solomon Islands 6S - 13S
62%
4 Sierra Leone 10N - 7N
57%
4 Senegal 16N - 13N
57%
7 Tonga 16S - 22S
57%
7 Zimbabwe 16S - 22S
57%
4 Cuba 23N - 20N
57%
4 United Arab Emirates 26N - 23N
57%
7 Bahamas 27N - 21N
57%
5 Uruguay 31S - 35S
57%
5 Syria 37N - 33N
57%
5 Tajikistan 41N - 37N
57%
3 Armenia 41N - 39N
57%
3 Azerbaijan 41N - 39N
57%
3 Albania 42N - 40N
57%
4 Kyrgyzstan 43N - 40N
57%
4 Croatia 46N - 43N
57%
4 Serbia 46N - 43N
57%
3 Hungary 48N - 46N
57%
3 Czech Republic 51N - 49N
57%
3 Denmark 57N - 55N
57%
3 Latvia 58N - 56N
57%
5 Palau 8N - 4N
57%
4 Liberia 8N - 5N
57%
3 Costa Rica 11N - 9N
52%
7 Vanuatu 14S - 20S
52%
3 Cape Verde 17N - 15N
52%
3 Belize 18N - 16N
52%
2 Haiti 20N - 19N
52%
4 Nepal 30N - 27N
52%
4 Israel 33N - 30N
52%
4 Jordan 33N - 30N
52%
3 Bulgaria 44N - 42N
52%
3 Austria 49N - 47N
52%
2 Belgium 51N - 50N
52%
3 Lithuania 56N - 54N
52%
5 Tuvalu 6S - 10S
52%
4 Sri Lanka 9N - 6N
52%
2 Djibouti 12N - 11N
48%
2 Guinea-Bissau 12N - 11N
48%
2 Dominican Republic 19N - 18N
48%
2 São Tomé and Príncipe 1N - 0
48%
2 Lesotho 29S - 30S
48%
2 Georgia 43N - 42N
48%
2 Kosovo 43N - 42N
48%
2 Estonia 59N - 58N
48%
2 Saint Kitts and Nevis 17N - 18N
43%
2 Singapore 1N - 2N
43%
2 Qatar 26N - 25N
43%
2 Bhutan 28N - 27N
43%
2 Kuwait 30N - 29N
43%
2 Burundi 3S - 4S
43%
2 Macedonia 42N - 41N
43%
2 Montenegro 43N - 42N
43%
3 Moldova 48N - 46N
43%
2 Slovakia 49N - 48N
43%
2 Panama 9N - 8N
43%
2 Nauru 1S - 0
38%
2 Switzerland 47N - 46N
38%
0 Liechtenstein between 47N and 48N
38%
1 Antigua and Barbuda 17N - 17N
33%
1 Bahrain 26N - 26N
33%
2 Swaziland 26S - 27S
33%
1 Cyprus 35N - 35N
33%
0 Vatican City between 41N and 42N
33%
0 Monaco between 43N and 44N
33%
0 San Marino between 43N and 44N
33%
1 Trinidad and Tobago 11N - 11N
29%
1 Grenada 12N - 12N
29%
1 Saint Vincent and the Grenadines 13N - 13N
29%
1 El Salvador 14N - 14N
29%
1 Saint Lucia 14N - 14N
29%
1 Jamaica 18N - 18N
29%
1 Lebanon 34N - 34N
29%
1 Malta 36N - 36N
29%
1 Slovenia 46N - 46N
29%
1 Luxembourg 50N - 50N
29%
0 Barbados between 13N and 14N
29%
0 Gambia between 13N and 14N
29%
0 Dominica between 15N and 16N
29%
0 Andorra between 42N and 43N
29%
1 Samoa 14S - 14S
24%
1 Rwanda 2S - 2S
24%
1 East Timor 9S - 9S
24%
1 Comoros 12S - 12S
19%
1 Brunei 5N - 5N
19%
No matching quizzes found
Score Distribution
Percent of People with Each Score
Percentile by Number Answered
Your Score History
You have not taken this quiz since the last reset